[Event "4NCL Online Division 6"]
[Site "online"]
[Date "2021.03.09"]
[EventDate "2021.03.09"]
[Round "4.93"]
[White "Macphail, Kieran"]
[WhiteElo "1659"]
[WhiteTeam "Camborne Pendarves"]
[Black "Hayden, Lawrence F"]
[BlackElo "1653"]
[BlackTeam "Ashby Ivanhoe"]
[Result "1/2-1/2"]
[PlyCount "129"]

1. e4 e5 2. Nf3 Nf6 3. Nc3 Nc6 4. d4 exd4 5. Nxd4 Bb4 6. Nxc6 bxc6 7. Bd3 d5 8. exd5 cxd5 9. O-O O-O 10. h3 h6 11. Qf3 Be6 12. Bf4 Bxc3 13. bxc3 c5 14. Rfd1 Qa5 15. Bxh6 Qd8 16. Bg5 Re8 17. Bc4 Qe7 18. Bxd5 Bxd5 19. Rxd5 Rad8 20. Bxf6 gxf6 21. Rad1 Rxd5 22. Qxd5 Qe2 23. Qd3 Qe5 24. Qg3+ Qxg3 25. fxg3 Re2 26. Rd7 Rxc2 27. Rxa7 Rxc3 28. a4 Rxg3 29. a5 Ra3 30. a6 c4 31. Ra8+ Kg7 32. a7 c3 33. Rc8 Rxa7 34. Rxc3 Ra2 35. Kh2 f5 36. h4 Kg6 37. Kh3 Ra4 38. Rg3+ Kh6 39. Rg8 Ra3+ 40. Rg3 Ra4 41. Rf3 Kg6 42. g3 f6 43. Kg2 Re4 44. Kh3 Re1 45. Kg2 Re4 46. Kh3 Re1 47. h5+ Kg5 48. Kg2 Re5 49. Kh3 Kxh5 50. Ra3 Re2 51. Rf3 Kg5 52. Ra3 Rf2 53. Ra8 f4 54. Rg8+ Kh6 55. gxf4 Rxf4 56. Kg3 Rf5 57. Kg4 Rg5+ 58. Rxg5 fxg5 59. Kg3 Kh5 60. Kh3 g4+ 61. Kg3 Kg5 62. Kg2 Kf4 63. Kf2 g3+ 64. Kg2 Kg4 65. Kg1 1/2-1/2

[Event "4NCL Online Division 6"]
[Site "online"]
[Date "2021.03.09"]
[EventDate "2021.03.09"]
[Round "4.94"]
[White "Wyld, Nick M"]
[WhiteElo "1439"]
[WhiteTeam "Ashby Ivanhoe"]
[Black "Pope, Martin"]
[BlackElo "1651"]
[BlackTeam "Camborne Pendarves"]
[Result "1-0"]
[PlyCount "40"]

1. e4 d5 2. exd5 Qxd5 3. Nc3 Qd8 4. Nf3 Nf6 5. Bc4 Bf5 6. O-O e6 7. h3 c6 8. d3 Be7 9. Nh4 Bg6 10. Nxg6 hxg6 11. Bg5 Nbd7 12. Re1 Nb6 13. Bb3 Nbd5 14. Nxd5 Nxd5 15. Bd2 Bf6 16. Rb1 Qc7 17. Bxd5 cxd5 18. c3 O-O-O 19. Qa4 Kb8 20. Bf4 Qxf4 1-0

[Event "4NCL Online Division 6"]
[Site "online"]
[Date "2021.03.09"]
[EventDate "2021.03.09"]
[Round "4.101"]
[White "Thackray, John"]
[WhiteElo "1916"]
[WhiteTeam "St Andrews White Cross 1"]
[Black "Clark, Richard"]
[BlackElo "1885"]
[BlackTeam "Cornish Pirates"]
[Result "1-0"]
[PlyCount "89"]

1. c4 g6 2. d4 Bg7 3. Nc3 c5 4. d5 d6 5. e4 Nd7 6. Nf3 Ngf6 7. Bf4 Nh5 8. Be3 O-O 9. Be2 Bxc3+ 10. bxc3 Ng7 11. O-O Nf6 12. e5 Ng4 13. exd6 Nxe3 14. fxe3 exd6 15. e4 Qe7 16. Bd3 f5 17. Re1 fxe4 18. Bxe4 Qf6 19. Qd2 Bf5 20. Bxf5 Nxf5 21. Re6 Qd8 22. Rae1 Qd7 23. Qe2 Rad8 24. Ng5 Ng7 25. Re7 Qf5 26. Ne6 Nxe6 27. Qxe6+ Rf7 28. Qxf5 gxf5 29. R1e6 Kf8 30. Rxf7+ Kxf7 31. Kf2 a6 32. a4 Rd7 33. Kf3 Kg8 34. g3 Kf7 35. Kf4 Kf8 36. Kxf5 Kf7 37. g4 Kg7 38. g5 Kf7 39. Rh6 Ke8 40. Ke6 Kd8 41. Rf6 Ke8 42. Rf8+ Kxf8 43. Kxd7 b5 44. cxb5 axb5 45. axb5 1-0

[Event "4NCL Online Division 6"]
[Site "online"]
[Date "2021.03.09"]
[EventDate "2021.03.09"]
[Round "4.102"]
[White "JimÃ©nez PatiÃ±o, Manuel David"]
[WhiteElo "1704"]
[WhiteTeam "Cornish Pirates"]
[Black "Rich, Aaron"]
[BlackElo "1627"]
[BlackTeam "St Andrews White Cross 1"]
[Result "1/2-1/2"]
[PlyCount "100"]

1. c4 b6 2. Nf3 Bb7 3. g3 e6 4. Bg2 f5 5. O-O Nf6 6. Nc3 Bb4 7. d3 Nc6 8. Bd2 O-O 9. a3 Bxc3 10. Bxc3 Ne7 11. b4 Ng6 12. e3 Rc8 13. b5 a6 14. a4 Qe8 15. Qb3 axb5 16. axb5 d5 17. Ra7 dxc4 18. dxc4 Be4 19. Ne5 Nxe5 20. Bxe5 c6 21. Bxf6 Rxf6 22. Bxe4 fxe4 23. Rd1 Rf7 24. Rxf7 Kxf7 25. Rd4 cxb5 26. cxb5 Rc5 27. Rxe4 Rxb5 28. Rf4+ Kg8 29. Qd3 Rd5 30. Rd4 Qc6 31. Rxd5 exd5 32. Qb3 b5 33. e4 Qc4 34. Qxc4 dxc4 35. Kf1 b4 36. Ke1 b3 37. Kd1 b2 38. Kc2 c3 39. f4 Kf7 40. e5 Ke6 41. h4 h6 42. h5 Kf5 43. Kb1 Ke6 44. Kc2 Kf7 45. Kb1 Ke6 46. Kc2 Kd5 47. Kb1 Kc4 48. Kc2 Kd5 49. Kb1 Kc5 50. Kc2 Kd5 1/2-1/2

[Event "4NCL Online Division 6"]
[Site "online"]
[Date "2021.03.09"]
[EventDate "2021.03.09"]
[Round "4.103"]
[White "Pollard, Michael"]
[WhiteElo "1636"]
[WhiteTeam "St Andrews White Cross 1"]
[Black "Robinson, Neil"]
[BlackElo "1657"]
[BlackTeam "Cornish Pirates"]
[Result "1/2-1/2"]
[PlyCount "37"]

1. e4 e6 2. Nf3 d5 3. exd5 exd5 4. d4 Nf6 5. Bd3 Bg4 6. Nc3 c6 7. O-O Be7 8. Bd2 O-O 9. Ne2 Bxf3 10. gxf3 Bd6 11. Ng3 Qc7 12. Bg5 Nbd7 13. c3 h6 14. Bc1 Rfe8 15. Bf5 Nf8 16. Qc2 Ne6 17. Bxe6 Rxe6 18. Bd2 Rae8 19. Rfe1 1/2-1/2

[Event "4NCL Online Division 6"]
[Site "online"]
[Date "2021.03.09"]
[EventDate "2021.03.09"]
[Round "4.104"]
[White "Steele, Beatrice"]
[WhiteElo "1612"]
[WhiteTeam "Cornish Pirates"]
[Black "Triffitt, Bradley"]
[BlackElo "1549"]
[BlackTeam "St Andrews White Cross 1"]
[Result "0-1"]
[PlyCount "64"]

1. d4 Nf6 2. Nf3 d6 3. c4 g6 4. Bg5 Bg7 5. e3 Bg4 6. h3 Bxf3 7. Qxf3 Nc6 8. Bd3 O-O 9. O-O Nb4 10. Qe2 Nd7 11. a3 Nc6 12. Nc3 f6 13. Bh4 e5 14. dxe5 Ncxe5 15. Be4 Nc5 16. Bd5+ Kh8 17. f4 Nc6 18. Rad1 Qd7 19. Ne4 Nxe4 20. Bxe4 f5 21. Bd5 Rae8 22. Qd2 Ne7 23. Bf3 Qa4 24. Rc1 Nc6 25. Bd1 Qa6 26. Bf2 Na5 27. Be2 Nb3 28. c5 Nxd2 29. Bxa6 bxa6 30. Rfd1 Nb3 31. Rc2 Nxc5 32. b4 Ne6 0-1

[Event "4NCL Online Division 6"]
[Site "online"]
[Date "2021.03.09"]
[EventDate "2021.03.09"]
[Round "4.111"]
[White "Oates, Thomas"]
[WhiteElo "1645"]
[WhiteTeam "Jan Luke's Cyberwarriors"]
[Black "Marshall, Duncan"]
[BlackElo "1649"]
[BlackTeam "Hertford 3"]
[Result "1-0"]
[PlyCount "113"]

1. d4 c6 2. c4 d5 3. cxd5 cxd5 4. Nc3 Nf6 5. Bf4 g6 6. e3 Qa5 7. Nf3 Bg7 8. Bd3 O-O 9. O-O a6 10. Rc1 Nc6 11. Nd2 h6 12. Nb3 Qd8 13. f3 Nh5 14. Bg3 Nxg3 15. hxg3 e6 16. Bc2 Qg5 17. Qe1 Nb4 18. Bb1 h5 19. e4 dxe4 20. fxe4 Nc6 21. Rd1 Bh6 22. d5 exd5 23. exd5 Ne5 24. Ne4 Qe3+ 25. Qxe3 Bxe3+ 26. Kh1 f5 27. Nc3 Nc4 28. Rfe1 Bg5 29. Re2 Rd8 30. Nd4 Ne3 31. Rde1 Nxd5 32. Re8+ Rxe8 33. Rxe8+ Kf7 34. Nxd5 Kxe8 35. Nc7+ Ke7 36. Nxa8 Bf6 37. Nb6 Bd7 38. Nxd7 Kxd7 39. Nf3 Bxb2 40. Kg1 Bf6 41. Kf2 Kd6 42. Ke2 Kc5 43. Kd3 a5 44. Nd2 b5 45. Kc2 a4 46. a3 Be7 47. Ba2 Bd6 48. Bf7 g5 49. Bxh5 Bxg3 50. Bg6 f4 51. Ne4+ Kc4 52. Nxg3 fxg3 53. Be8 Kc5 54. Kc3 Kb6 55. Kb4 Ka6 56. Bxb5+ Kb6 57. Bxa4 1-0

[Event "4NCL Online Division 6"]
[Site "online"]
[Date "2021.03.09"]
[EventDate "2021.03.09"]
[Round "4.112"]
[White "Wooster, Nick"]
[WhiteElo "1649"]
[WhiteTeam "Hertford 3"]
[Black "Nancarrow, Richard"]
[BlackElo "1546"]
[BlackTeam "Jan Luke's Cyberwarriors"]
[Result "1-0"]
[PlyCount "89"]

1. d4 d5 2. c4 c6 3. Nf3 Nf6 4. Nc3 e6 5. e3 Bb4 6. Bd2 O-O 7. Be2 Nbd7 8. O-O a6 9. a3 Bd6 10. cxd5 cxd5 11. h3 h6 12. Bd3 Nh7 13. e4 dxe4 14. Nxe4 Ndf6 15. Nxd6 Qxd6 16. Bb4 Qd8 17. Bxf8 Qxf8 18. Ne5 b5 19. Rc1 Qd6 20. Be2 Bb7 21. Bf3 Bxf3 22. Qxf3 Rd8 23. Rfd1 Qb6 24. Rc6 Qa7 25. Qc3 Nd5 26. Qc5 Qb7 27. Rc1 Nhf6 28. Rc8 Rxc8 29. Qxc8+ Qxc8 30. Rxc8+ Kh7 31. Nxf7 Nb6 32. Rc6 Nc4 33. Rxa6 Nxb2 34. Rxe6 Nc4 35. Ra6 Kg8 36. Ne5 Nd2 37. f3 Nb3 38. Nc6 Nd5 39. Kf2 Nc3 40. Ke3 Kf7 41. Nb4 Ke7 42. Kd3 Na4 43. Nd5+ Kd7 44. Nb6+ Nxb6 45. Rxb6 1-0

[Event "4NCL Online Division 6"]
[Site "online"]
[Date "2021.03.09"]
[EventDate "2021.03.09"]
[Round "4.113"]
[White "Spargo, Philip J"]
[WhiteElo "1438"]
[WhiteTeam "Jan Luke's Cyberwarriors"]
[Black "Lynch, Mark"]
[BlackElo "1447"]
[BlackTeam "Hertford 3"]
[Result "1-0"]
[PlyCount "67"]

1. e4 c6 2. d3 d5 3. exd5 cxd5 4. d4 Nf6 5. Nf3 Bf5 6. Bd3 Bxd3 7. Qxd3 Qb6 8. O-O e6 9. Nbd2 Bd6 10. Nb3 O-O 11. Bg5 Nbd7 12. Bxf6 Nxf6 13. Rfe1 Rac8 14. Rab1 Qc7 15. c3 Ng4 16. g3 Qc4 17. Qxc4 Rxc4 18. Nbd2 Rc7 19. Nf1 Nf6 20. N1d2 Rfc8 21. Ne5 b5 22. a3 a5 23. Re3 b4 24. axb4 axb4 25. cxb4 Bxb4 26. Ndf3 h6 27. Rb3 Bd6 28. Rb6 Bxe5 29. dxe5 Ne4 30. Nd4 Nd2 31. Rd1 Nc4 32. Rb5 Nxe5 33. b3 Kf8 34. Ra5 1-0

[Event "4NCL Online Division 6"]
[Site "online"]
[Date "2021.03.09"]
[EventDate "2021.03.09"]
[Round "4.114"]
[White "Zsibrita, Steve"]
[WhiteElo "1485"]
[WhiteTeam "Hertford 3"]
[Black "Scully, Pat"]
[BlackElo "1495"]
[BlackTeam "Jan Luke's Cyberwarriors"]
[Result "1-0"]
[PlyCount "61"]

1. d4 d5 2. e3 Nc6 3. Bd3 Nf6 4. c3 e5 5. dxe5 Nxe5 6. Bc2 Bd6 7. Nd2 Bg4 8. f3 Bh5 9. Ne2 Bg6 10. O-O Qe7 11. b4 b5 12. a4 c6 13. axb5 cxb5 14. Bb3 O-O 15. Nf4 Nd3 16. Nxd3 Qxe3+ 17. Nf2 Rae8 18. Bb2 Qh6 19. h3 Re7 20. Re1 Qf4 21. Rxe7 Qh2+ 22. Kf1 Qg1+ 23. Kxg1 Bxe7 24. Rxa7 Nh5 25. Rxe7 f6 26. Bxd5+ Kh8 27. Nde4 Nf4 28. c4 bxc4 29. Bxc4 f5 30. Ng5 h6 31. Bxg7# 1-0

[Event "4NCL Online Division 6"]
[Site "online"]
[Date "2021.03.09"]
[EventDate "2021.03.09"]
[Round "4.121"]
[White "Wilkinson, James P"]
[WhiteElo "1660"]
[WhiteTeam "Shropshire 5"]
[Black "Smith, Andrew R"]
[BlackElo "1692"]
[BlackTeam "Morriston Benko"]
[Result "1/2-1/2"]
[PlyCount "44"]

1. d4 d5 2. c4 e6 3. Nc3 Nf6 4. Nf3 Be7 5. Bf4 O-O 6. e3 a6 7. a3 dxc4 8. Bxc4 b5 9. Bd3 Bb7 10. Qc2 h6 11. Ne4 c6 12. Nc5 Bxc5 13. dxc5 Re8 14. Rd1 Qa5+ 15. Qd2 Qxd2+ 16. Rxd2 Nbd7 17. Ne5 Nxc5 18. Ke2 Nxd3 19. Nxd3 Rad8 20. Rc1 Nd7 21. Rdc2 Rc8 22. Nc5 Nxc5 1/2-1/2

[Event "4NCL Online Division 6"]
[Site "online"]
[Date "2021.03.09"]
[EventDate "2021.03.09"]
[Round "4.122"]
[White "Jones, Huw"]
[WhiteElo "1657"]
[WhiteTeam "Morriston Benko"]
[Black "Nield, Robert C"]
[BlackElo "1648"]
[BlackTeam "Shropshire 5"]
[Result "1/2-1/2"]
[PlyCount "101"]

1. e4 c5 2. d4 cxd4 3. c3 dxc3 4. Nxc3 Nc6 5. Nf3 e6 6. Bc4 Nge7 7. O-O a6 8. a4 h6 9. Bf4 Ng6 10. Bg3 Be7 11. Qe2 O-O 12. Rfd1 Qa5 13. h3 Nge5 14. Nxe5 Nxe5 15. Bb3 d6 16. Rac1 Bd7 17. Kh1 Rfd8 18. f4 Nc6 19. Ba2 Nb4 20. Bb1 Bxa4 21. Nxa4 Qxa4 22. f5 e5 23. Rc7 Rd7 24. Rxd7 Qxd7 25. Bxe5 Qc6 26. Bc3 a5 27. f6 Bxf6 28. Bxf6 gxf6 29. Qg4+ Kf8 30. Qf4 Ke7 31. Rf1 d5 32. exd5 Nxd5 33. Re1+ Kd8 34. Qxh6 Ne7 35. Qf8+ Qe8 36. Qh6 Rc8 37. Qd2+ Kc7 38. Qf4+ Kb6 39. Qxf6+ Ka7 40. Qe5 Qd8 41. Qxe7 Qxe7 42. Rxe7 Rc1+ 43. Kh2 Rxb1 44. Rxf7 Rxb2 45. h4 a4 46. h5 a3 47. Rf1 a2 48. Ra1 Kb8 49. h6 Rb6 50. Rxa2 Rxh6+ 51. Kg3 1/2-1/2

[Event "4NCL Online Division 6"]
[Site "online"]
[Date "2021.03.09"]
[EventDate "2021.03.09"]
[Round "4.123"]
[White "Holmes, Nick D"]
[WhiteElo "1534"]
[WhiteTeam "Shropshire 5"]
[Black "Williams, Luke"]
[BlackElo "1642"]
[BlackTeam "Morriston Benko"]
[Result "0-1"]
[PlyCount "38"]

1. c4 Nf6 2. Nc3 e6 3. e4 d5 4. e5 Ne4 5. d4 Qh4 6. Be3 Bb4 7. Qc2 Nc6 8. Nf3 Qe7 9. Bd3 f5 10. O-O h6 11. cxd5 Bxc3 12. dxc6 Ba5 13. cxb7 Bxb7 14. Qa4+ Kd8 15. Qxa5 g5 16. g3 g4 17. Nh4 Qf7 18. Rac1 Ng5 19. Ng6 Nh3# 0-1

[Event "4NCL Online Division 6"]
[Site "online"]
[Date "2021.03.09"]
[EventDate "2021.03.09"]
[Round "4.131"]
[White "New, David"]
[WhiteElo "1193"]
[WhiteTeam "Phones Pals Rooks"]
[Black "Young, Andy"]
[BlackElo "1563"]
[BlackTeam "Lerryn Clowns"]
[Result "1/2-1/2"]
[PlyCount "64"]

1. e4 c6 2. d4 d5 3. exd5 cxd5 4. Bd3 Nc6 5. c3 Nf6 6. Nf3 Bg4 7. h3 Bh5 8. Bf4 e6 9. Nbd2 Bd6 10. Bxd6 Qxd6 11. O-O Bg6 12. Qc2 Bxd3 13. Qxd3 O-O 14. Rfe1 Ne7 15. Ne5 Nd7 16. Ndf3 Nxe5 17. dxe5 Qb6 18. Ng5 Ng6 19. h4 h6 20. h5 hxg5 21. hxg6 fxg6 22. Qd2 Rf5 23. Re2 Raf8 24. g3 g4 25. a4 Rf3 26. Qd4 Qxd4 27. cxd4 Rd3 28. Rc2 Rxd4 29. Rc7 Rf7 30. Rc8+ Rf8 31. Rc7 Rf7 32. Rc8+ Rf8 1/2-1/2

[Event "4NCL Online Division 6"]
[Site "online"]
[Date "2021.03.09"]
[EventDate "2021.03.09"]
[Round "4.132"]
[White "Reid, Mark"]
[WhiteElo "1440"]
[WhiteTeam "Lerryn Clowns"]
[Black "Vadalia, Jainill"]
[BlackElo "1140"]
[BlackTeam "Phones Pals Rooks"]
[Result "1/2-1/2"]
[PlyCount "62"]

1. d4 Nf6 2. Nf3 d5 3. c4 e6 4. Nc3 Bb4 5. Bd2 O-O 6. e3 Nbd7 7. a3 Be7 8. cxd5 exd5 9. Bd3 b6 10. O-O Bb7 11. Rc1 c5 12. dxc5 Nxc5 13. Bb1 Nce4 14. Nb5 a6 15. Nbd4 Rc8 16. Qe2 Bd6 17. Bb4 Bxb4 18. axb4 Qd6 19. b5 a5 20. h3 h6 21. Rfd1 Rfe8 22. Nf5 Qd7 23. Rxc8 Rxc8 24. N5d4 a4 25. Qe1 Nd6 26. Qb4 Rc4 27. Qe1 Rc8 28. Qb4 Rc4 29. Qe1 Rc8 30. Bd3 Nfe4 31. Qb4 Nc5 1/2-1/2

[Event "4NCL Online Division 6"]
[Site "online"]
[Date "2021.03.09"]
[EventDate "2021.03.09"]
[Round "4.133"]
[White "Suyal, Nivedita"]
[WhiteElo "1072"]
[WhiteTeam "Phones Pals Rooks"]
[Black "Jenkins, David R"]
[BlackElo "1423"]
[BlackTeam "Lerryn Clowns"]
[Result "1-0"]
[PlyCount "55"]

1. e4 e5 2. Nf3 f5 3. exf5 e4 4. Ng1 Nf6 5. Nc3 d5 6. d4 Bxf5 7. Be3 Bb4 8. Bd2 O-O 9. a3 Bxc3 10. Bxc3 Ng4 11. Qd2 Qe8 12. O-O-O e3 13. fxe3 Be4 14. Nh3 Nd7 15. Bb5 c6 16. Ba4 Nb6 17. Bb3 Nd7 18. Bb4 Rf7 19. Rdf1 Rxf1+ 20. Rxf1 Rc8 21. Ng5 c5 22. dxc5 Nxc5 23. Bxc5 Rxc5 24. Rf4 Nf6 25. Qd4 Qc6 26. Nxe4 Nxe4 27. Rxe4 Kh8 28. Qxc5 1-0

[Event "4NCL Online Division 6"]
[Site "online"]
[Date "2021.03.09"]
[EventDate "2021.03.09"]
[Round "4.134"]
[White "Jenkins, Simon"]
[WhiteElo "1503"]
[WhiteTeam "Lerryn Clowns"]
[Black "Srivastava, Aditya"]
[BlackElo "654"]
[BlackTeam "Phones Pals Rooks"]
[Result "1-0"]
[PlyCount "63"]

1. e4 c5 2. Nc3 d6 3. f4 a6 4. Bc4 Nc6 5. d3 Nf6 6. f5 e6 7. fxe6 Bxe6 8. Bxe6 fxe6 9. Nf3 Be7 10. Ng5 Qd7 11. Na4 Rb8 12. Nb6 Qc7 13. Nc4 Nd8 14. O-O b5 15. Ne3 c4 16. d4 O-O 17. c3 h6 18. Nh3 Nxe4 19. Rxf8+ Bxf8 20. Qg4 Nf6 21. Qg6 Qf7 22. Qc2 d5 23. Bd2 Bd6 24. Rf1 Qc7 25. Rxf6 gxf6 26. Ng4 f5 27. Bxh6 fxg4 28. Qg6+ Kh8 29. Qf6+ Kg8 30. Ng5 Bxh2+ 31. Kh1 Qd7 32. Qf8# 1-0

[Event "4NCL Online Division 6"]
[Site "online"]
[Date "2021.03.09"]
[EventDate "2021.03.09"]
[Round "4.141"]
[White "Caceres de la Calle, Eduardo"]
[WhiteElo "1709"]
[WhiteTeam "Hackney Hungry"]
[Black "Seyfried, Donald"]
[BlackElo "1668"]
[BlackTeam "Farnham B"]
[Result "1/2-1/2"]
[PlyCount "80"]

1. c4 c5 2. Nc3 g6 3. g3 Bg7 4. Bg2 Nc6 5. e3 d6 6. Nge2 Nf6 7. d3 Bd7 8. b3 a6 9. Bb2 O-O 10. O-O Rb8 11. Qd2 b5 12. Rfd1 Qc8 13. Nd5 Bh3 14. Bh1 Be6 15. Nef4 Bxd5 16. Nxd5 Nxd5 17. Bxd5 e6 18. Bxg7 Kxg7 19. Bg2 Qc7 20. d4 Rfd8 21. cxb5 axb5 22. dxc5 dxc5 23. Qc3+ Qe5 24. Qxe5+ Nxe5 25. Rac1 Rxd1+ 26. Rxd1 c4 27. bxc4 Nxc4 28. Bf1 Ra8 29. Bxc4 bxc4 30. Rc1 Rxa2 31. Rxc4 h5 32. h4 f5 33. Kg2 Kf6 34. Kf3 Ke5 35. Rb4 Rc2 36. Ra4 Rb2 37. Ra5+ Kf6 38. Ra4 Ke5 39. Ra5+ Kf6 40. Ra4 Ke5 1/2-1/2

[Event "4NCL Online Division 6"]
[Site "online"]
[Date "2021.03.09"]
[EventDate "2021.03.09"]
[Round "4.142"]
[White "Bourke, Matt"]
[WhiteElo "1600"]
[WhiteTeam "Farnham B"]
[Black "Frankl, Mischa"]
[BlackElo "1700"]
[BlackTeam "Hackney Hungry"]
[Result "0-1"]
[PlyCount "102"]

1. e4 c5 2. Nf3 d6 3. Bb5+ Bd7 4. Bxd7+ Qxd7 5. c4 Nc6 6. Nc3 g6 7. d4 cxd4 8. Nxd4 Bg7 9. Be3 Nf6 10. f3 O-O 11. O-O Rfd8 12. Qd2 Ne5 13. b3 Nc6 14. Rfd1 a6 15. Nd5 Nxd5 16. cxd5 Nxd4 17. Bxd4 e5 18. dxe6 fxe6 19. Rac1 d5 20. e5 Rf8 21. Bc5 Rf7 22. Bd6 Bf8 23. Rc7 Qb5 24. Rxf7 Kxf7 25. Qf4+ Kg8 26. Qf6 Qb6+ 27. Kh1 Re8 28. Bxf8 Rxf8 29. Qe7 Rf7 30. Qh4 Qc6 31. Qf2 Rd7 32. h4 Qc7 33. f4 b6 34. Qf3 Qc2 35. a4 Rc7 36. Qg4 Re7 37. Qf3 Kg7 38. Rf1 d4 39. Rf2 Qf5 40. g4 Qb1+ 41. Rf1 Qc2 42. h5 Qc3 43. Qe4 Qh3+ 44. Kg1 Qxg4+ 45. Kf2 d3 46. Rg1 Qh4+ 47. Ke3 d2 48. Kxd2 Qf2+ 49. Kc3 Qxg1 50. hxg6 Qc1+ 51. Kb4 Qc5# 0-1

[Event "4NCL Online Division 6"]
[Site "online"]
[Date "2021.03.09"]
[EventDate "2021.03.09"]
[Round "4.143"]
[White "Burgoyne, Peter A"]
[WhiteElo "1701"]
[WhiteTeam "Hackney Hungry"]
[Black "Young, Jonathan G"]
[BlackElo "1546"]
[BlackTeam "Farnham B"]
[Result "1/2-1/2"]
[PlyCount "111"]

1. e4 c6 2. d4 d5 3. exd5 cxd5 4. Bd3 Nf6 5. h3 Nc6 6. Nf3 e6 7. O-O Be7 8. Re1 O-O 9. c3 Bd7 10. Bg5 Qb6 11. b3 h6 12. Bh4 Rac8 13. Ne5 Qd8 14. Nd2 Nxe5 15. dxe5 Nh7 16. Bxe7 Qxe7 17. c4 Bc6 18. Nf3 Rfd8 19. Qe2 dxc4 20. Bxc4 Nf8 21. Rad1 Rxd1 22. Rxd1 Rd8 23. Rxd8 Qxd8 24. Qd3 Qxd3 25. Bxd3 Nd7 26. Bc2 Bxf3 27. gxf3 Nxe5 28. Kg2 b6 29. f4 Nc6 30. Kg3 Nd4 31. Bb1 Kf8 32. h4 Ke7 33. Kg4 Kd6 34. b4 a5 35. a3 axb4 36. axb4 Kc6 37. Bd3 Kd5 38. f3 Nb3 39. f5 exf5+ 40. Kxf5 Nd4+ 41. Kf4 Ne6+ 42. Ke3 Ke5 43. Bc4 Nd8 44. f4+ Kf6 45. Ke4 Nc6 46. b5 Ne7 47. Bb3 Kg6 48. Bc4 Kf6 49. h5 g6 50. hxg6 fxg6 51. Bd3 h5 52. Be2 Ke6 53. Bd3 Kf6 54. Be2 Ke6 55. Bd3 Kf6 56. Be2 1/2-1/2

[Event "4NCL Online Division 6"]
[Site "online"]
[Date "2021.03.09"]
[EventDate "2021.03.09"]
[Round "4.144"]
[White "Amos, Michael"]
[WhiteElo "1400"]
[WhiteTeam "Farnham B"]
[Black "Evans, Kingsley"]
[BlackElo "1532"]
[BlackTeam "Hackney Hungry"]
[Result "1-0"]
[PlyCount "39"]

1. d4 d5 2. c4 c6 3. Nf3 Nf6 4. g3 Bf5 5. Bg2 e6 6. Nc3 dxc4 7. Bf4 Bd6 8. Bg5 Nbd7 9. e4 Bg6 10. e5 h6 11. Bxf6 gxf6 12. exd6 Qb6 13. O-O Qxb2 14. Ne2 Qb4 15. Nf4 Qxd6 16. Nh4 Rg8 17. Re1 Nb6 18. Nhxg6 Rxg6 19. Nxg6 fxg6 20. Bh3 1-0

[Event "4NCL Online Division 6"]
[Site "online"]
[Date "2021.03.09"]
[EventDate "2021.03.09"]
[Round "4.151"]
[White "Blanden, Edward"]
[WhiteElo "1712"]
[WhiteTeam "Wessex Some Stars E"]
[Black "Marshall, W John"]
[BlackElo "1773"]
[BlackTeam "Horsham 2"]
[Result "1/2-1/2"]
[PlyCount "111"]

1. c4 e5 2. g3 Nf6 3. Bg2 Bc5 4. e3 O-O 5. Ne2 Nc6 6. O-O d5 7. d4 exd4 8. exd4 Be7 9. c5 Bf5 10. a3 Qd7 11. Re1 Bh3 12. Bh1 Rfe8 13. b4 a6 14. Nbc3 Bf8 15. Bg5 Ne4 16. Nxe4 dxe4 17. d5 Nd8 18. Qb3 Be7 19. Bf4 Bf6 20. Rad1 g5 21. Be3 Bg4 22. Bd4 Qf5 23. Bxf6 Qxf6 24. Qe3 Qe5 25. Rd4 f5 26. Red1 Nf7 27. d6 cxd6 28. cxd6 Rad8 29. Rd5 Qe6 30. d7 Re7 31. Bg2 Rexd7 32. Rxd7 Rxd7 33. Rxd7 Qxd7 34. Qd4 Qxd4 35. Nxd4 Nd6 36. h3 Bh5 37. Nxf5 Nxf5 38. g4 Bg6 39. gxf5 Bxf5 40. Kf1 Kf7 41. Ke2 Ke6 42. Ke3 Kd5 43. f3 exf3 44. Bxf3+ Kc4 45. Bxb7 Kb5 46. Bg2 Ka4 47. Kd4 Kxa3 48. Kc5 h5 49. b5 axb5 50. Kxb5 Kb3 51. Kc5 Kc3 52. Kd5 Kd3 53. Ke5 Bd7 54. Bf3 g4 55. hxg4 hxg4 56. Bxg4 1/2-1/2

[Event "4NCL Online Division 6"]
[Site "online"]
[Date "2021.03.09"]
[EventDate "2021.03.09"]
[Round "4.152"]
[White "Snook-Lumb, Chris"]
[WhiteElo "1715"]
[WhiteTeam "Horsham 2"]
[Black "Joyce, Tim"]
[BlackElo "1698"]
[BlackTeam "Wessex Some Stars E"]
[Result "1-0"]
[PlyCount "83"]

1. d4 Nf6 2. c4 g6 3. Nf3 Bg7 4. g3 d6 5. Bg2 O-O 6. Nc3 c5 7. O-O cxd4 8. Nxd4 a6 9. Qc2 Qc7 10. b3 Nc6 11. Nxc6 bxc6 12. Bb2 Bf5 13. e4 Bg4 14. h3 Be6 15. Rfe1 d5 16. c5 Rfd8 17. Rad1 dxe4 18. Nxe4 Nxe4 19. Bxg7 Rxd1 20. Rxd1 Nxf2 21. Qxf2 Kxg7 22. g4 Kf8 23. Qd4 f6 24. g5 Qg3 25. gxf6 Bd5 26. fxe7+ Kxe7 27. Qg7+ Kd8 28. Rxd5+ cxd5 29. Qf8+ Kd7 30. Qxa8 Qe1+ 31. Kh2 Qe5+ 32. Kg1 Qe1+ 33. Bf1 Qg3+ 34. Kh1 Qf3+ 35. Bg2 Qd1+ 36. Kh2 Ke6 37. Qc6+ Ke5 38. Qd6+ Kf5 39. Qxd5+ Qxd5 40. Bxd5 Ke5 41. Bc4 a5 42. a3 1-0

[Event "4NCL Online Division 6"]
[Site "online"]
[Date "2021.03.09"]
[EventDate "2021.03.09"]
[Round "4.153"]
[White "Jones, Tim"]
[WhiteElo "1698"]
[WhiteTeam "Wessex Some Stars E"]
[Black "Barrowclough, Richard"]
[BlackElo "1555"]
[BlackTeam "Horsham 2"]
[Result "0-1"]
[PlyCount "84"]

1. e4 c6 2. Nf3 d5 3. Nc3 dxe4 4. Nxe4 Nf6 5. Nxf6+ exf6 6. Bc4 Qe7+ 7. Qe2 Qxe2+ 8. Bxe2 c5 9. O-O Nc6 10. Bb5 Bd7 11. Re1+ Be7 12. c3 a6 13. Bxc6 Bxc6 14. Nh4 g6 15. d4 Kd7 16. Be3 c4 17. Rad1 Bd5 18. g3 Rhe8 19. f4 Bf8 20. Kf2 Re4 21. Bd2 Rae8 22. Rxe4 Rxe4 23. Re1 Bh6 24. Rxe4 Bxe4 25. Nf3 Bd5 26. h4 Kd6 27. Be3 b5 28. Nd2 Bg7 29. b4 Ke6 30. Nf3 Kf5 31. Bc1 Ke4 32. Ke2 Kf5 33. Ke3 Kg4 34. Nd2 Kxg3 35. Ne4+ Kxh4 36. Nc5 Kg3 37. Nxa6 h5 38. Nc7 h4 39. Nxd5 h3 40. f5 h2 41. Ke2 h1=Q 42. Bf4+ Kg4 0-1

[Event "4NCL Online Division 6"]
[Site "online"]
[Date "2021.03.09"]
[EventDate "2021.03.09"]
[Round "4.154"]
[White "Trofin, Marian"]
[WhiteElo "1520"]
[WhiteTeam "Horsham 2"]
[Black "Hillman, Graham"]
[BlackElo "1662"]
[BlackTeam "Wessex Some Stars E"]
[Result "1-0"]
[PlyCount "45"]

1. d4 Nf6 2. Nc3 c5 3. Nf3 cxd4 4. Nxd4 d5 5. h3 Nc6 6. Bg5 h6 7. Bh4 e6 8. a3 a6 9. e3 Bd6 10. Be2 g5 11. Bg3 Bxg3 12. fxg3 Qd6 13. O-O e5 14. Nf5 Bxf5 15. Rxf5 Ne7 16. Rf2 Rd8 17. Qf1 Neg8 18. Rd1 Qc5 19. Rxf6 Nxf6 20. Qxf6 Qxe3+ 21. Kh2 Rf8 22. Bg4 Qc5 23. Qxe5+ 1-0

[Event "4NCL Online Division 6"]
[Site "online"]
[Date "2021.03.09"]
[EventDate "2021.03.09"]
[Round "4.161"]
[White "Buanne, Luca"]
[WhiteElo "1903"]
[WhiteTeam "Battersea Juniors"]
[Black "Gardner, Tim"]
[BlackElo "1637"]
[BlackTeam "Barnet Knights C"]
[Result "1-0"]
[PlyCount "111"]

1. d4 Nf6 2. c4 e5 3. dxe5 Ng4 4. Bf4 g5 5. Bg3 Nc6 6. Nf3 Bg7 7. Nc3 Ncxe5 8. Nxe5 Nxe5 9. h4 Nxc4 10. hxg5 Qxg5 11. Qc2 Qa5 12. Rc1 d6 13. e3 Bf5 14. Qb3 Ne5 15. Qxb7 O-O 16. e4 Rfe8 17. Qd5 Qb6 18. Be2 Be6 19. Qb5 c6 20. Qxb6 axb6 21. f4 Nd7 22. a3 Bb3 23. O-O f5 24. exf5 d5 25. Bh5 Rf8 26. Rfe1 Nf6 27. Bf3 c5 28. Bd1 Bc4 29. Be2 Bb3 30. Bd1 Bc4 31. b3 Ba6 32. Bf3 Rad8 33. Rcd1 d4 34. Na4 Rd6 35. Re6 Rfd8 36. Nxb6 d3 37. Na4 c4 38. bxc4 Bxc4 39. Rxd6 Rxd6 40. Nb2 Ba6 41. Bh4 Nd7 42. Be7 Rh6 43. f6 Bxf6 44. Bxf6 Rxf6 45. Nxd3 Nb6 46. Nc5 Bc4 47. g3 Rg6 48. Rd8+ Kg7 49. Kf2 Ba2 50. a4 Bb1 51. a5 Nc4 52. a6 Rb6 53. a7 Rb2+ 54. Ke1 Bd3 55. Nxd3 Rb1+ 56. Ke2 1-0